[Event "Mauricie op"]
[Site "Trois-Rivieres CAN"]
[Date "2011.03.18"]
[Round "1"]
[White "Roy, Myriam"]
[Black "Roussel-Roozmon, Thomas"]
[Result "0-1"]
[WhiteElo "2055"]
[BlackElo "2483"]
[PlyCount "86"]
[EventDate "2011.03.18"]
[EventType "swiss"]
[EventRounds "5"]
[EventCountry "CAN"]

1. e4 g6 2. d4 Bg7 3. f4 d6 4. Nf3 c5 5. Nc3 cxd4 6. Nxd4 Nc6 7. Nb3 Nf6 8. Be2
O-O 9. Be3 a6 10. O-O Qc7 11. Bf3 Be6 12. Nd5 Bxd5 13. exd5 Na5 14. Nxa5 Qxa5
15. Bd4 Nd7 16. Bxg7 Kxg7 17. Qd4+ Kg8 18. a4 Rac8 19. c3 Qc5 20. Rfd1 a5 21.
Bg4 f5 22. Bf3 Rc7 23. Qxc5 Nxc5 24. g3 Kf7 25. Re1 Nb3 26. Rad1 Rc4 27. Rd3
Re8 28. Bd1 Nc5 29. Rde3 Re4 30. Bc2 Rxe3 31. Rxe3 Rb8 32. b4 Na6 33. bxa5 Rc8
34. h3 h5 35. g4 hxg4 36. hxg4 fxg4 37. Rg3 Rc4 38. Rxg4 Rxc3 39. Bxg6+ Kf6 40.
Be8 Nc7 41. Bd7 Nxd5 42. f5 Ke5 43. Be6 Nf4 0-1

[Event "Mauricie op"]
[Site "Trois-Rivieres CAN"]
[Date "2011.03.19"]
[Round "2"]
[White "Roussel-Roozmon, Thomas"]
[Black "Johnson, Jesse"]
[Result "1-0"]
[WhiteElo "2483"]
[BlackElo "2084"]
[PlyCount "101"]
[EventDate "2011.03.18"]
[EventType "swiss"]
[EventRounds "5"]
[EventCountry "CAN"]

1. c4 e5 2. g3 Nf6 3. Bg2 d5 4. cxd5 Nxd5 5. Nc3 Nb6 6. Nf3 Nc6 7. O-O Be6 8.
d3 Be7 9. a3 Qd7 10. b4 f6 11. Re1 Bh3 12. Bh1 h5 13. Ne4 O-O-O 14. Nc5 Bxc5
15. bxc5 Nd5 16. Qb3 h4 17. Rb1 b6 18. cxb6 cxb6 19. Nxh4 Nd4 20. Qxd5 Qxd5 21.
Bxd5 Rxd5 22. Bb2 Ne6 23. Ng2 Kb7 24. Ne3 Rc5 25. f3 Rhc8 26. Kf2 g6 27. Rbc1
Nd4 28. Rxc5 Rxc5 29. g4 Ne6 30. Rc1 Rxc1 31. Bxc1 Kc6 32. Bb2 Nf4 33. Nc4 b5
34. Nd2 a5 35. Bc3 b4 36. axb4 Nd5 37. Ba1 axb4 38. Kg3 Nf4 39. e3 Nxd3 40.
Kxh3 Kb5 41. Kg3 Ka4 42. h4 Ka3 43. h5 gxh5 44. gxh5 Ka2 45. h6 Kxa1 46. h7 Nf4
47. exf4 e4 48. h8=Q e3 49. Qxf6+ Ka2 50. Nc4 e2 51. Qb2# 1-0

[Event "Mauricie op"]
[Site "Trois-Rivieres CAN"]
[Date "2011.03.19"]
[Round "3"]
[White "Bolduc, Steve"]
[Black "Roussel-Roozmon, Thomas"]
[Result "1/2-1/2"]
[WhiteElo "2253"]
[BlackElo "2483"]
[PlyCount "49"]
[EventDate "2011.03.18"]
[EventType "swiss"]
[EventRounds "5"]
[EventCountry "CAN"]

1. d4 Nf6 2. Nf3 e6 3. c4 c5 4. g3 cxd4 5. Nxd4 d5 6. Bg2 e5 7. Nf3 d4 8. O-O
Nc6 9. e3 Be7 10. b4 dxe3 11. Qxd8+ Bxd8 12. Bxe3 Nxb4 13. Na3 Nc6 14. Nb5 Nd7
15. Nd6+ Ke7 16. Rad1 Bc7 17. Nf5+ Kf8 18. Ng5 h6 19. Bxc6 bxc6 20. Rxd7 Bxd7
21. Bc5+ Kg8 22. Ne7+ Kf8 23. Nf5+ Kg8 24. Ne7+ Kf8 25. Nf5+ 1/2-1/2

[Event "Mauricie op"]
[Site "Trois-Rivieres CAN"]
[Date "2011.03.20"]
[Round "4"]
[White "Roussel-Roozmon, Thomas"]
[Black "Voloaca, Mihnea"]
[Result "1-0"]
[WhiteElo "2483"]
[BlackElo "2320"]
[PlyCount "71"]
[EventDate "2011.03.18"]
[EventType "swiss"]
[EventRounds "5"]
[EventCountry "CAN"]

1. c4 e6 2. g3 d5 3. Bg2 Nf6 4. Nf3 c6 5. O-O Nbd7 6. Qc2 Bd6 7. d4 O-O 8. Nbd2
Re8 9. b3 e5 10. cxd5 cxd5 11. dxe5 Nxe5 12. Bb2 Nc6 13. e3 Bg4 14. Rac1 Rc8
15. Qb1 Ne4 16. Nxe4 dxe4 17. Nd4 Qe7 18. Nxc6 bxc6 19. Rc4 f5 20. Qc2 c5 21.
Rc1 Bh5 22. Bf1 Rc7 23. Ba3 Bf3 24. Bxc5 Bxc5 25. Rxc5 Rxc5 26. Qxc5 g6 27. Bb5
Qxc5 28. Rxc5 Re7 29. Kf1 Kg7 30. Rd5 Kf6 31. Rd7 Rxd7 32. Bxd7 Bd1 33. Bb5 g5
34. Be2 Bc2 35. Ke1 f4 36. Kd2 1-0

[Event "Mauricie op"]
[Site "Trois-Rivieres CAN"]
[Date "2011.03.20"]
[Round "5"]
[White "Roussel-Roozmon, Thomas"]
[Black "Kovalyov, Anton"]
[Result "1/2-1/2"]
[WhiteElo "2483"]
[BlackElo "2584"]
[PlyCount "150"]
[EventDate "2011.03.18"]
[EventType "swiss"]
[EventRounds "5"]
[EventCountry "CAN"]

1. c4 e6 2. g3 Nf6 3. Bg2 d5 4. Nf3 Be7 5. O-O O-O 6. b3 c6 7. Bb2 b5 8. Qc2 a5
9. c5 Nbd7 10. d4 Ne4 11. a3 f5 12. b4 axb4 13. axb4 Rxa1 14. Bxa1 Qc7 15. Ne5
Nxe5 16. dxe5 Ng5 17. Nd2 Bd7 18. Bd4 Ra8 19. Qb2 Ra4 20. Ra1 Qa7 21. Rxa4 Qxa4
22. Qb3 Qa8 23. f3 Nf7 24. f4 g5 25. e3 g4 26. h3 h5 27. hxg4 hxg4 28. Kf2 Kg7
29. Bb2 Kg6 30. Bf1 Nh6 31. Bd3 Qa6 32. Bc2 Qa8 33. Qd3 Be8 34. Bb3 Kg7 35. Qf1
Bd7 36. Qh1 Kg6 37. Nb1 Nf7 38. Nc3 Qh8 39. Qg1 Nd8 40. Ne2 Kf7 41. Nd4 Ke8 42.
Bc2 Qh5 43. Bd3 Kf7 44. Bf1 Be8 45. Bg2 Bd7 46. Qa1 Be8 47. Kg1 Qh7 48. Bf1 Bd7
49. Qa7 Ke8 50. Bc3 Qf7 51. Qb8 Bf8 52. Bxb5 cxb5 53. c6 Bxc6 54. Nxc6 Qd7 55.
Nd4 Be7 56. Kf2 Kf7 57. Ke1 Qe8 58. Qxb5 Qh8 59. Kd2 Qh2+ 60. Ne2 Qh1 61. Kc2
Qe4+ 62. Qd3 Qh1 63. Kb3 Qf1 64. Ka4 Qh1 65. Nd4 Qg2 66. Ne2 Qh1 67. Qc2 Ke8
68. Kb5 d4 69. Nxd4 Qg1 70. Ne2 Qxe3 71. Bd4 Qf3 72. Ka4 Qa8+ 73. Kb3 Qf3+ 74.
Ka4 Qa8+ 75. Kb3 Qf3+ 1/2-1/2

[Event "Quebec-ch classe"]
[Site "Montreal CAN"]
[Date "2011.01.22"]
[Round "2"]
[White "Roussel-Roozmon, Thomas"]
[Black "Rousseau, Daniel"]
[Result "1-0"]
[WhiteElo "2474"]
[BlackElo "2094"]
[PlyCount "69"]
[EventDate "2011.01.21"]
[EventType "swiss"]
[EventRounds "5"]
[EventCountry "CAN"]

1. c4 e5 2. g3 Nc6 3. Bg2 g6 4. Nc3 Bg7 5. e4 Nge7 6. Nge2 O-O 7. O-O d6 8. d3
Nd4 9. Nxd4 exd4 10. Ne2 f5 11. exf5 Nxf5 12. b4 Rb8 13. b5 Bd7 14. a4 a6 15.
Bd2 c6 16. Rb1 Qf6 17. bxc6 bxc6 18. a5 Qd8 19. Rxb8 Qxb8 20. Qc2 Ne7 21. Rb1
Qe8 22. Bf4 Nc8 23. Rb7 c5 24. Qd2 Bc6 25. Bxc6 Qxc6 26. Rxg7+ Kxg7 27. Bh6+
Kg8 28. Bxf8 Kxf8 29. Qf4+ Kg7 30. Qg4 Ne7 31. Qe6 Nf5 32. g4 Nh6 33. Nf4 Qf3
34. Qe7+ Nf7 35. Ne6+ 1-0

[Event "Quebec-ch classe"]
[Site "Montreal CAN"]
[Date "2011.01.23"]
[Round "4"]
[White "Roussel-Roozmon, Thomas"]
[Black "Gagnon, Serge"]
[Result "1-0"]
[WhiteElo "2474"]
[BlackElo "1985"]
[PlyCount "113"]
[EventDate "2011.01.21"]
[EventType "swiss"]
[EventRounds "5"]
[EventCountry "CAN"]

1. c4 d6 2. g3 e5 3. Bg2 g6 4. Nc3 Bg7 5. d3 Nc6 6. e4 Nd4 7. Nge2 Bg4 8. h3
Bf3 9. Bxf3 Nxf3+ 10. Kf1 Ne7 11. Kg2 Nd4 12. Nxd4 exd4 13. Nd5 c6 14. Nxe7
Qxe7 15. f4 O-O-O 16. Re1 Qd7 17. Bd2 Kb8 18. Qf3 Rhe8 19. Re2 Re7 20. g4 f5
21. Rae1 fxe4 22. Rxe4 Rde8 23. R1e2 Kc7 24. Ba5+ b6 25. Be1 d5 26. cxd5 cxd5
27. Rxe7 Rxe7 28. Bf2 Rxe2 29. Qxe2 Bf6 30. Qf3 Kd8 31. f5 gxf5 32. Qxf5 Qxf5
33. gxf5 Ke7 34. Kf3 Kf7 35. Kg4 Kg7 36. a4 a6 37. Bg3 b5 38. axb5 axb5 39. Bd6
Kf7 40. Kf4 Bg7 41. Be5 Bh6+ 42. Kf3 Be3 43. Ke2 Ke7 44. Kd1 Bg5 45. Bxd4 Bf6
46. Bc5+ Kf7 47. Kc2 Be5 48. Kb3 Kf6 49. d4 Bf4 50. Kb4 Kxf5 51. Kxb5 Ke4 52.
b4 Bd2 53. Ka4 Kf3 54. b5 Bf4 55. b6 Kg3 56. b7 Kxh3 57. Kb5 1-0

[Event "Quebec-ch classe"]
[Site "Montreal CAN"]
[Date "2011.01.23"]
[Round "5"]
[White "Rainfray, Arnaud"]
[Black "Roussel-Roozmon, Thomas"]
[Result "1/2-1/2"]
[WhiteElo "2401"]
[BlackElo "2474"]
[PlyCount "111"]
[EventDate "2011.01.21"]
[EventType "swiss"]
[EventRounds "5"]
[EventCountry "CAN"]

1. e4 e5 2. Nf3 Nc6 3. Bc4 Bc5 4. c3 Nf6 5. d3 a6 6. Nbd2 Ba7 7. h3 h6 8. Bb3
d6 9. Nf1 Ne7 10. Ng3 Ng6 11. Nf5 Bxf5 12. exf5 Ne7 13. g4 Qd7 14. Qe2 Rf8 15.
Bd2 O-O-O 16. O-O-O Rde8 17. Be3 Bxe3+ 18. Qxe3 Kb8 19. Nd2 Ned5 20. Qf3 Qc6
21. Nc4 Ne7 22. Qg3 Nfd5 23. Rhe1 g6 24. fxg6 fxg6 25. d4 exd4 26. Rxd4 g5 27.
Kb1 Nf4 28. Ne3 Neg6 29. Rc4 Qd7 30. Rd4 Re5 31. Bc2 Nh4 32. Re4 Rxe4 33. Bxe4
Re8 34. Bc2 Qc6 35. Rd1 Ne2 36. Qh2 Qf3 37. Nf5 Nxf5 38. gxf5 Nf4 39. Qg3 Qxg3
40. fxg3 Nxh3 41. Rf1 Nf2 42. Rxf2 Re1+ 43. Bd1 Rxd1+ 44. Kc2 Re1 45. Kd3 Kc8
46. f6 Re8 47. Rh2 Kd7 48. Rxh6 Rf8 49. Rh7+ Kc6 50. f7 Kd5 51. Rg7 g4 52. Rxg4
Rxf7 53. Rg5+ Ke6 54. Ke3 b6 55. Rg8 a5 56. a4 1/2-1/2

[Event "Olympiad"]
[Site "Khanty-Mansiysk RUS"]
[Date "2010.09.23"]
[Round "3"]
[White "Roussel-Roozmon, Thomas"]
[Black "Larrea, Manuel"]
[Result "1/2-1/2"]
[WhiteElo "2484"]
[BlackElo "2323"]
[PlyCount "59"]
[EventDate "2010.09.21"]
[EventType "team"]
[EventRounds "11"]
[EventCountry "RUS"]
[WhiteTeam "CAN"]
[BlackTeam "URU"]

1. d4 Nf6 2. c4 g6 3. Nc3 Bg7 4. e4 d6 5. f3 O-O 6. Be3 a6 7. Qd2 Nbd7 8. Nh3
c5 9. Nf2 b6 10. Be2 Bb7 11. d5 b5 12. cxb5 Qa5 13. O-O Rfb8 14. a4 Ne8 15. Bg5
Ndf6 16. bxa6 Bxa6 17. Bxa6 Rxa6 18. Qc2 Nc7 19. b3 Qb4 20. Rab1 Qb7 21. Nd3
Rb6 22. b4 cxb4 23. a5 b3 24. Qd2 Ra6 25. Nc1 b2 26. Nd3 Rxa5 27. Rxb2 Qa7+ 28.
Be3 Rxb2 29. Nxb2 Qa6 30. Bd4 1/2-1/2

[Event "Olympiad"]
[Site "Khanty-Mansiysk RUS"]
[Date "2010.09.24"]
[Round "4"]
[White "Kongsee, Uaychai"]
[Black "Roussel-Roozmon, Thomas"]
[Result "0-1"]
[WhiteElo "2235"]
[BlackElo "2484"]
[PlyCount "92"]
[EventDate "2010.09.21"]
[EventType "team"]
[EventRounds "11"]
[EventCountry "RUS"]
[WhiteTeam "THA"]
[BlackTeam "CAN"]

1. e4 e5 2. Nf3 Nc6 3. Nc3 Nf6 4. d4 exd4 5. Nxd4 Bb4 6. Nxc6 bxc6 7. Bd3 d5 8.
exd5 cxd5 9. O-O O-O 10. Bg5 c6 11. Qf3 Be7 12. Rfe1 Re8 13. h3 h6 14. Bd2 Nd7
15. Na4 Bd6 16. Rxe8+ Qxe8 17. Re1 Qd8 18. Bf4 Bxf4 19. Qxf4 Nf8 20. Nc5 Be6
21. Re3 Qf6 22. Qc7 Qxb2 23. Rf3 Qb1+ 24. Bf1 Qxc2 25. Nxe6 fxe6 26. Qf7+ Kh8
27. Bd3 Qc1+ 28. Kh2 Qc5 29. Qc7 Qb6 30. Qf7 Qd8 31. g3 e5 32. Bf5 Nh7 33. Qg6
Nf6 34. g4 Qe8 35. Qxe8+ Rxe8 36. Rc3 Kg8 37. Rxc6 Kf7 38. h4 g5 39. h5 Re7 40.
f3 e4 41. fxe4 dxe4 42. Kg2 e3 43. Kf1 e2+ 44. Ke1 Nd5 45. Rxh6 Re5 46. Rh7+
Kg8 0-1

[Event "Olympiad"]
[Site "Khanty-Mansiysk RUS"]
[Date "2010.09.25"]
[Round "5"]
[White "Rasmussen, Allan Stig"]
[Black "Roussel-Roozmon, Thomas"]
[Result "1/2-1/2"]
[WhiteElo "2530"]
[BlackElo "2484"]
[PlyCount "71"]
[EventDate "2010.09.21"]
[EventType "team"]
[EventRounds "11"]
[EventCountry "RUS"]
[WhiteTeam "DEN"]
[BlackTeam "CAN"]

1. e4 e5 2. Nf3 Nc6 3. Bb5 Nf6 4. O-O Nxe4 5. d4 Nd6 6. Bxc6 dxc6 7. dxe5 Nf5
8. Qxd8+ Kxd8 9. Nc3 Bd7 10. h3 h6 11. b3 Kc8 12. Bb2 b6 13. Rad1 Ne7 14. Ne2
Ng6 15. Ng3 Nf4 16. Bc1 Ne6 17. Nd4 h5 18. c4 Nxd4 19. Rxd4 Be7 20. Rfd1 Be6
21. Ne4 Bf5 22. Ng5 f6 23. Nf3 Kb7 24. Bb2 fxe5 25. Nxe5 Bf6 26. R4d2 Rhe8 27.
Nf3 Bxb2 28. Rxb2 Rad8 29. Rbd2 Rxd2 30. Rxd2 c5 31. Kh2 Bb1 32. Kg3 Re4 33.
Rb2 Bd3 34. Rd2 Bb1 35. Rb2 Bd3 36. Rd2 1/2-1/2

[Event "Olympiad"]
[Site "Khanty-Mansiysk RUS"]
[Date "2010.09.27"]
[Round "6"]
[White "Roussel-Roozmon, Thomas"]
[Black "Saric, Ivan"]
[Result "1-0"]
[WhiteElo "2484"]
[BlackElo "2567"]
[PlyCount "117"]
[EventDate "2010.09.21"]
[EventType "team"]
[EventRounds "11"]
[EventCountry "RUS"]
[WhiteTeam "CAN"]
[BlackTeam "CRO"]

1. d4 Nf6 2. c4 g6 3. Nc3 Bg7 4. e4 d6 5. f3 O-O 6. Be3 Nbd7 7. Qd2 c5 8. Nge2
Qa5 9. Rd1 a6 10. dxc5 Nxc5 11. Nd4 Bd7 12. Be2 Rfc8 13. O-O Na4 14. Nb3 Qd8
15. Nxa4 Bxa4 16. Qb4 b5 17. e5 Ne8 18. exd6 exd6 19. cxb5 Qe7 20. Qd2 axb5 21.
Bf2 Qe6 22. Rfe1 Bxb3 23. Bxb5 Bxd1 24. Rxe6 fxe6 25. Qxd1 Bxb2 26. Be3 Rc3 27.
Qb1 Rxe3 28. Qxb2 Ng7 29. Bc6 Raa3 30. Qb8+ Kf7 31. Qc7+ Kf6 32. Qd8+ Kf7 33.
Qc7+ Kf6 34. Qd8+ Ke5 35. Qh8 Ra7 36. Qxh7 Rc3 37. Bb5 Rc1+ 38. Bf1 Rb7 39. Qh6
Rd1 40. Kf2 Nf5 41. Qh8+ Ng7 42. a4 Rd2+ 43. Ke3 Ra2 44. Bb5 Rxg2 45. f4+ Kf6
46. Qa8 Nf5+ 47. Kd3 Rxh2 48. Qxb7 Rh3+ 49. Kd2 Nd4 50. Be8 Kf5 51. Bxg6+ Kg4
52. Qe4 Nb3+ 53. Kd1 Nc5 54. Qd4 Rh1+ 55. Ke2 Rh2+ 56. Kf1 Kf3 57. Bh5+ Rxh5
58. Qd1+ Ke4 59. Qe2+ 1-0

[Event "Olympiad"]
[Site "Khanty-Mansiysk RUS"]
[Date "2010.09.28"]
[Round "7"]
[White "Cheparinov, Ivan"]
[Black "Roussel-Roozmon, Thomas"]
[Result "1/2-1/2"]
[WhiteElo "2661"]
[BlackElo "2484"]
[PlyCount "111"]
[EventDate "2010.09.21"]
[EventType "team"]
[EventRounds "11"]
[EventCountry "RUS"]
[WhiteTeam "BUL"]
[BlackTeam "CAN"]

1. d4 d5 2. c4 c6 3. Nf3 Nf6 4. Nc3 a6 5. a4 e6 6. g3 dxc4 7. Bg2 c5 8. dxc5
Qxd1+ 9. Nxd1 Bd7 10. Ne5 Nc6 11. Nxc4 Bxc5 12. Be3 Bxe3 13. Ndxe3 Ke7 14. f4
Rab8 15. Kf2 Nb4 16. Ne5 Rhc8 17. Rhd1 Nc2 18. Nxc2 Rxc2 19. b4 Be8 20. Rac1
Rxc1 21. Rxc1 Bxa4 22. Rc7+ Nd7 23. Nxd7 Bxd7 24. Rxb7 Rxb7 25. Bxb7 Bb5 26. e4
e5 27. Bd5 f6 28. Bg8 h6 29. Kf3 Kf8 30. Be6 Ke7 31. Bc8 Kd8 32. Be6 Ke7 33.
Bb3 Kd6 34. Bg8 Ke7 35. Ba2 Kd6 36. Bb3 Ke7 37. Bc2 Kd6 38. Bd1 Ke7 39. Be2
Bxe2+ 40. Kxe2 exf4 41. gxf4 f5 42. Ke3 Ke6 43. exf5+ Kxf5 44. Kd4 Kxf4 45. Kc5
Ke5 46. Kb6 Kd6 47. Kxa6 Kc7 48. Ka7 Kc6 49. Ka6 Kc7 50. Kb5 g5 51. Kc5 g4 52.
Kd5 h5 53. Ke4 h4 54. Kf4 g3 55. hxg3 hxg3 56. Kxg3 1/2-1/2

[Event "Olympiad"]
[Site "Khanty-Mansiysk RUS"]
[Date "2010.09.29"]
[Round "8"]
[White "Roussel-Roozmon, Thomas"]
[Black "Battulga, Namhai"]
[Result "1/2-1/2"]
[WhiteElo "2484"]
[BlackElo "2421"]
[PlyCount "29"]
[EventDate "2010.09.21"]
[EventType "team"]
[EventRounds "11"]
[EventCountry "RUS"]
[WhiteTeam "CAN"]
[BlackTeam "MGL"]

1. d4 d5 2. c4 c6 3. Nf3 Nf6 4. e3 e6 5. Bd3 Nbd7 6. O-O Bd6 7. Nbd2 O-O 8. e4
dxe4 9. Nxe4 Nxe4 10. Bxe4 h6 11. Bc2 e5 12. Qd3 f5 13. c5 Bc7 14. dxe5 Nxe5
15. Qb3+ 1/2-1/2

[Event "Olympiad"]
[Site "Khanty-Mansiysk RUS"]
[Date "2010.10.01"]
[Round "10"]
[White "Jumabayev, Rinat"]
[Black "Roussel-Roozmon, Thomas"]
[Result "1/2-1/2"]
[WhiteElo "2547"]
[BlackElo "2484"]
[PlyCount "89"]
[EventDate "2010.09.21"]
[EventType "team"]
[EventRounds "11"]
[EventCountry "RUS"]
[WhiteTeam "KAZ"]
[BlackTeam "CAN"]

1. d4 d5 2. c4 c6 3. Nf3 Nf6 4. Nc3 a6 5. a4 e6 6. g3 dxc4 7. Bg2 c5 8. dxc5
Qxd1+ 9. Nxd1 Bd7 10. Ne5 Nc6 11. Nxc6 Bxc6 12. Bxc6+ bxc6 13. Bd2 Bxc5 14. Rc1
Be7 15. Rxc4 c5 16. e4 O-O 17. Ke2 Rab8 18. f3 Nd7 19. Rc2 Rb3 20. Nf2 Bf6 21.
Nd3 Bd4 22. Bc3 Bxc3 23. Rxc3 Rxc3 24. bxc3 Rb8 25. Ra1 Kf8 26. Kd2 Ke7 27. Kc2
a5 28. Nb2 Nb6 29. Rb1 Kd6 30. Nc4+ Kc7 31. Rb5 Nxc4 32. Rxc5+ Kd6 33. Rxc4 e5
34. h4 f6 35. Kd3 h5 36. Ke3 Rf8 37. Kf2 g6 38. Ke3 g5 39. f4 gxf4+ 40. gxf4
Rg8 41. Kf3 Rb8 42. Kf2 Rg8 43. Kf3 Rb8 44. Kf2 Rg8 45. Kf3 1/2-1/2

[Event "Olympiad"]
[Site "Khanty-Mansiysk RUS"]
[Date "2010.10.03"]
[Round "11"]
[White "Drasko, Milan"]
[Black "Roussel-Roozmon, Thomas"]
[Result "1/2-1/2"]
[WhiteElo "2486"]
[BlackElo "2484"]
[PlyCount "89"]
[EventDate "2010.09.21"]
[EventType "team"]
[EventRounds "11"]
[EventCountry "RUS"]
[WhiteTeam "MNE"]
[BlackTeam "CAN"]

1. Nf3 c5 2. g3 Nc6 3. Bg2 g6 4. c4 Bg7 5. O-O e5 6. Nc3 Nge7 7. a3 O-O 8. Rb1
a5 9. d3 d6 10. Bd2 h6 11. Ne1 Be6 12. Nd5 Rb8 13. b4 axb4 14. axb4 b5 15. Nc2
bxc4 16. dxc4 cxb4 17. Ncxb4 Bxd5 18. Nxd5 Nxd5 19. Bxd5 Rxb1 20. Qxb1 Ne7 21.
Bg2 Qc7 22. Qd3 Rc8 23. Rc1 Qc5 24. Qb3 Kh7 25. Bb4 Qb6 26. Qa3 Nf5 27. e3 Rb8
28. Bd2 Bf8 29. Qa5 Qxa5 30. Bxa5 Be7 31. Bd5 Kg8 32. Ra1 Ng7 33. Bc7 Rc8 34.
Ra7 Ne8 35. Ba5 Kf8 36. e4 Nf6 37. Bd2 h5 38. Bh6+ Ke8 39. Ra8 Rxa8 40. Bxa8
Kd7 41. f3 Bd8 42. h3 Nh7 43. h4 Bb6+ 44. Kg2 Ke7 45. Bd5 1/2-1/2

[Event "Quebec op inv."]
[Site "Montreal CAN"]
[Date "2010.07.24"]
[Round "1"]
[White "Modwal, Sankalp"]
[Black "Roussel-Roozmon, Thomas"]
[Result "1/2-1/2"]
[WhiteElo "2177"]
[BlackElo "2488"]
[PlyCount "26"]
[EventDate "2010.07.24"]
[EventType "swiss"]
[EventRounds "9"]
[EventCountry "CAN"]

1. e4 e5 2. Nf3 Nc6 3. Bc4 Nf6 4. d3 Be7 5. O-O O-O 6. Re1 d6 7. a4 h6 8. Nc3
Bg4 9. h3 Bh5 10. Be3 Nh7 11. Nd5 Bg5 12. g4 Bg6 13. Qd2 Rc8 1/2-1/2

[Event "Quebec-ch Elite"]
[Site "Montreal CAN"]
[Date "2010.05.07"]
[Round "1"]
[White "Le Duin, Thierry"]
[Black "Roussel-Roozmon, Thomas"]
[Result "0-1"]
[WhiteElo "2036"]
[BlackElo "2481"]
[PlyCount "122"]
[EventDate "2010.05.07"]
[EventType "swiss"]
[EventRounds "5"]
[EventCountry "CAN"]

1. d4 Nf6 2. Nf3 e6 3. Bg5 c5 4. e3 cxd4 5. exd4 Be7 6. c3 d6 7. Nbd2 Nbd7 8.
Bd3 Nf8 9. Qc2 Ng6 10. h4 Nd5 11. Bxe7 Ngxe7 12. g3 h6 13. a3 Qc7 14. Bb5+ Bd7
15. Qa4 a6 16. Bxd7+ Qxd7 17. Qxd7+ Kxd7 18. Ke2 b5 19. Rhc1 Rhc8 20. Kd3 Nb6
21. Rc2 a5 22. Rac1 Rab8 23. Ng1 Rc7 24. Ne2 Ned5 25. Ng1 b4 26. axb4 axb4 27.
Ra1 Rbc8 28. Rac1 Na4 29. Ne2 Nxb2+ 30. Rxb2 bxc3 31. Nxc3 Rxc3+ 32. Rxc3 Rxc3+
33. Ke2 Rc7 34. Rb8 Ke7 35. Rg8 g6 36. Rh8 h5 37. Rb8 Nf6 38. Rb6 Ng4 39. Rb2
Nh6 40. Kd3 Nf5 41. Rb4 Ra7 42. Nc4 Ra2 43. Nb2 Kf6 44. Rb3 Ra1 45. Rb4 Rf1 46.
Ke2 Rb1 47. Kd3 Nh6 48. Rb7 Ng4 49. Ke2 Rc1 50. Kd2 Rb1 51. Ke2 Kg7 52. Rb6 d5
53. Rb7 Nf6 54. Rb4 Ne4 55. Nd3 Rxb4 56. Nxb4 f6 57. Nd3 g5 58. hxg5 fxg5 59.
Ne5 Kf6 60. Kf3 Nd2+ 61. Ke3 Nc4+ 0-1

[Event "Quebec-ch Elite"]
[Site "Montreal CAN"]
[Date "2010.05.08"]
[Round "3"]
[White "Roussel-Roozmon, Thomas"]
[Black "Ramaswamy, Kishor"]
[Result "1-0"]
[WhiteElo "2481"]
[BlackElo "2200"]
[PlyCount "51"]
[EventDate "2010.05.07"]
[EventType "swiss"]
[EventRounds "5"]
[EventCountry "CAN"]

1. d4 d5 2. c4 c6 3. Nf3 Nf6 4. Nc3 a6 5. c5 Nbd7 6. Bf4 Nh5 7. Qd2 Nxf4 8.
Qxf4 g6 9. e4 dxe4 10. Bc4 Nf6 11. Ne5 Be6 12. Bxe6 fxe6 13. O-O Bg7 14. Nxe4
O-O 15. Ng5 Qd5 16. Qe3 Rad8 17. Nef3 Bh6 18. Qxe6+ Kh8 19. Qxd5 Rxd5 20. Ne6
Rb8 21. Rad1 Kg8 22. Ne5 Bg7 23. Rfe1 Ne8 24. Nc4 Bf6 25. Nb6 Rf5 26. g4 1-0

[Event "Quebec-ch Elite"]
[Site "Montreal CAN"]
[Date "2010.05.09"]
[Round "4"]
[White "Roussel-Roozmon, Thomas"]
[Black "Bolduc, Steve"]
[Result "1-0"]
[WhiteElo "2481"]
[BlackElo "2247"]
[PlyCount "77"]
[EventDate "2010.05.07"]
[EventType "swiss"]
[EventRounds "5"]
[EventCountry "CAN"]

1. d4 d5 2. c4 e6 3. Nc3 c5 4. cxd5 exd5 5. Nf3 Nc6 6. g3 Nf6 7. Bg2 Be7 8. O-O
O-O 9. Bg5 cxd4 10. Nxd4 h6 11. Be3 Re8 12. Rc1 Bg4 13. Nxc6 bxc6 14. Na4 Qd7
15. Re1 Bb4 16. Bd2 Bd6 17. Nc5 Qe7 18. Be3 Rab8 19. b3 Rb5 20. Na4 Ne4 21.
Rxc6 Bb4 22. Rf1 Qd7 23. Rc2 Bf5 24. Bd4 Ng5 25. Rc1 Bh3 26. Nc5 Bxc5 27. Bxc5
Bxg2 28. Kxg2 Qh3+ 29. Kg1 d4 30. Qxd4 Rbb8 31. Qb2 Re6 32. Bxa7 Rbe8 33. Be3
Rxe3 34. fxe3 Rxe3 35. Rc3 Re4 36. Qc2 g6 37. Rc8+ Kh7 38. Qc3 f6 39. Qc7+ 1-0

[Event "Quebec-ch Elite"]
[Site "Montreal CAN"]
[Date "2010.05.09"]
[Round "5"]
[White "Castellanos, Renier"]
[Black "Roussel-Roozmon, Thomas"]
[Result "1-0"]
[WhiteElo "2422"]
[BlackElo "2481"]
[PlyCount "73"]
[EventDate "2010.05.07"]
[EventType "swiss"]
[EventRounds "5"]
[EventCountry "CAN"]

1. e4 e5 2. Nf3 Nc6 3. Bb5 Nf6 4. d3 d6 5. c3 g6 6. Nbd2 Bg7 7. Nf1 a6 8. Ba4
b5 9. Bb3 Na5 10. Bc2 c5 11. Bg5 h6 12. Bh4 O-O 13. Ne3 Nc6 14. O-O Be6 15. Bb3
Rb8 16. a4 b4 17. Bc4 Qc8 18. Bxf6 Bxf6 19. Nd2 Na5 20. Bxe6 fxe6 21. Ndc4 Nxc4
22. Nxc4 Qd7 23. a5 bxc3 24. bxc3 Kh7 25. Nb6 Qe8 26. Rb1 Rf7 27. Nc4 Qd8 28.
Qa4 d5 29. Rxb8 Qxb8 30. Nb6 Qd6 31. Qe8 Kg7 32. Qa8 c4 33. Qxa6 Bd8 34. exd5
exd5 35. dxc4 d4 36. cxd4 exd4 37. Qb5 1-0

[Event "Mauricie op"]
[Site "Trois-Rivieres CAN"]
[Date "2010.03.20"]
[Round "2"]
[White "Roussel-Roozmon, Thomas"]
[Black "Larochelle, Martial"]
[Result "1-0"]
[WhiteElo "2485"]
[BlackElo "2186"]
[PlyCount "185"]
[EventDate "2010.03.19"]
[EventType "swiss"]
[EventRounds "5"]
[EventCountry "CAN"]

1. d4 Nf6 2. c4 g6 3. Nc3 d5 4. Bf4 Bg7 5. e3 O-O 6. cxd5 Nxd5 7. Nxd5 Qxd5 8.
Bxc7 Na6 9. Bxa6 Qxg2 10. Qf3 Qxf3 11. Nxf3 bxa6 12. Rg1 Bb7 13. Ke2 Rac8 14.
Rac1 f6 15. Rgd1 Bd5 16. Nd2 Rf7 17. Bg3 Rff8 18. Rc3 Bb7 19. Nc4 Rfd8 20. Rdc1
Rd5 21. Nd2 Rcd8 22. Nb3 e5 23. Rc7 Rb5 24. R1c5 Bd5 25. dxe5 Bxb3 26. axb3
Rxc5 27. Rxc5 fxe5 28. Rc7 Rd5 29. Rxa7 Rb5 30. Rxa6 Rxb3 31. Ra8+ Kf7 32. Ra7+
Kg8 33. Kd1 e4 34. Re7 Bf6 35. Rxe4 Rxb2 36. Ke1 Kf7 37. Kf1 Ra2 38. Kg2 Rc2
39. Ra4 h5 40. Ra7+ Ke6 41. Ra6+ Kf7 42. h3 Rb2 43. Ra7+ Ke6 44. Ra6+ Kf7 45.
e4 Re2 46. Kf3 Re1 47. Bf4 Bd4 48. Rd6 Bf6 49. Rd5 Ke6 50. Ra5 Bd4 51. Ra4 Bf6
52. Bd2 Rh1 53. Kg2 Rb1 54. Be3 Rb3 55. Ra6+ Kf7 56. Ra5 Ke6 57. Rc5 Rd3 58.
Rc6+ Kf7 59. Rb6 Ra3 60. Rb4 Rd3 61. Ra4 Ke6 62. Bf4 Rd1 63. Ra6+ Kf7 64. e5
Bd8 65. e6+ Kf6 66. e7+ Kxe7 67. Rxg6 Kf7 68. Rc6 Be7 69. Ra6 Rb1 70. Be3 Rd1
71. Rb6 Re1 72. Bf4 Rd1 73. Be3 Re1 74. Rh6 h4 75. Rb6 Rd1 76. Kf3 Rh1 77. Kg4
Rg1+ 78. Kf5 Ra1 79. Bd4 Ra4 80. Be5 Ra3 81. Kg4 Bc5 82. Rc6 Be7 83. Rc3 Ra2
84. f4 Ke6 85. Rc6+ Kd5 86. Rc7 Ke6 87. Rc6+ Kd5 88. Rc7 Ke6 89. Kf3 Ra3+ 90.
Ke4 Ra4+ 91. Bd4 Kd6 92. Rb7 Kc6 93. Rxe7 1-0

[Event "Mauricie op"]
[Site "Trois-Rivieres CAN"]
[Date "2010.03.20"]
[Round "3"]
[White "Bolduc, Steve"]
[Black "Roussel-Roozmon, Thomas"]
[Result "1/2-1/2"]
[WhiteElo "2308"]
[BlackElo "2485"]
[PlyCount "72"]
[EventDate "2010.03.19"]
[EventType "swiss"]
[EventRounds "5"]
[EventCountry "CAN"]

1. c4 c5 2. g3 g6 3. Bg2 Nc6 4. Nc3 Bg7 5. e4 d6 6. Nge2 a6 7. a3 b5 8. e5 Nxe5
9. Bxa8 Nd3+ 10. Kf1 Bh3+ 11. Bg2 Qa8 12. Nd5 Bxg2+ 13. Kxg2 bxc4 14. Nec3 e6
15. Qf3 exd5 16. Nxd5 Kf8 17. Ne3 Qxf3+ 18. Kxf3 Nf6 19. Rb1 Ke7 20. b3 Rb8 21.
Nxc4 d5 22. Ne3 Ke6 23. Ke2 c4 24. f3 Nc5 25. b4 Nd3 26. Bb2 Nxb2 27. Rxb2 Nd7
28. Rc2 Ne5 29. f4 Nc6 30. Ra2 Nd4+ 31. Kf2 Kd6 32. g4 Ra8 33. Rg1 Re8 34. Re1
Ra8 35. Rg1 Re8 36. Re1 Ra8 1/2-1/2